The Australian Paniceae (Poaceae) /

Bibliographic Details
Main Author: Webster, Robert D. (Robert Dale), 1950-
Format: Book
Language:English
Published: Berlin : J. Cramer, 1987.
Subjects:

MARC

Tag First Indicator Second Indicator Subfields
LEADER 00000cam a2200000 a 4500
001 in00000015486
005 20151007052528.0
008 871030s1987 wb b b 00110 eng d
020 |a 3443500064 (pbk.) 
035 |a (OCoLC)16919799 
035 |9 AAA8152AM 
040 |a VXG  |c VXG  |d WAU  |d TXA  |d UtOrBLW 
043 |a u-at--- 
049 |a TXAM  |c [A12608065] 
050 4 |a QK495.G74  |b W42 1987 
100 1 |a Webster, Robert D.  |q (Robert Dale),  |d 1950- 
245 1 4 |a The Australian Paniceae (Poaceae) /  |c by Robert D. Webster. 
264 1 |a Berlin :  |b J. Cramer,  |c 1987. 
300 |a iii, 322 pages :  |b maps ;  |c 25 cm. 
336 |a text  |b txt  |2 rdacontent 
337 |a unmediated  |b n  |2 rdamedia 
338 |a volume  |b nc  |2 rdacarrier 
504 |a Includes bibliographies and indexes. 
650 0 |a Grasses  |z Australia  |x Classification. 
740 0 |a Paniceae (Poaceae) 
999 |a MARS 
999 f f |s 1a44f1cc-47bc-3808-a2df-753fdc7bae14  |i 5a349153-2e74-3b22-8fd3-478582579c3e  |t 0 
952 f f |p ric  |a Texas A&M University  |b Rellis Campus  |c Joint Library Facility  |d Remote Storage  |t 0  |e QK495.G74 W42 1987  |h Library of Congress classification  |i unmediated -- volume  |m A14812608065 
998 f f |a QK495.G74 W42 1987  |t 0  |l Remote Storage